動き出した巨人NTTの挑戦 : 明日の情報社会をどう変えるか

Salvato in:
Dettagli Bibliografici
Autore principale: 大前正臣(おおまえ まさおみ)
Natura: Libro
Lingua:Undetermined
Pubblicazione: 京都 PHP研究所 1985
Soggetti:
NTT
Tags: Aggiungi Tag
Nessun Tag, puoi essere il primo ad aggiungerne! !
Thư viện lưu trữ: Trung tâm Học liệu Trường Đại học Cần Thơ
LEADER 00610nam a2200217Ia 4500
001 CTU_95253
008 210402s9999 xx 000 0 und d
082 |a 338.8 
082 |b O.59 
100 |a 大前正臣(おおまえ まさおみ) 
245 0 |a 動き出した巨人NTTの挑戦 : 
245 0 |b 明日の情報社会をどう変えるか 
245 0 |c 大前正臣 
260 |a 京都 
260 |b PHP研究所 
260 |c 1985 
650 |a Corporations,Corporations 
650 |x NTT 
650 |z Japan 
904 |i Ngoc 
980 |a Trung tâm Học liệu Trường Đại học Cần Thơ